000 00966nam a22002177a 4500
005 20250416120858.0
008 250416b |||||||| |||| 00| 0 eng d
020 _a978-93-5072-653-2 (hbk)
037 _cTB
040 _aCRL
_cCRL
041 _2hin
_ahin
084 _aO152:g(NR) Q4.1-.2
_qCRL
245 _aसाहित्य और संगीत
260 _aनई दिल्ली, भारत:
_bवाणी प्रकाशन,
_c2014.
300 _aभाग 1 (1, 375पृ0); भाग 2 (1, 152पृ0)
365 _b975.00
_cINR
650 _aहिन्दी साहित्य
700 _aगर्ग, मुकेश (संपादक)
942 _2CC
_cTB
_hO152:g(NR) Q4.1-.2
_n0
999 _c1309041
_d1309041